Bankovníctvo. 3 Činnosť centrálnej banky a menová politika
Centrálna banka ako nositeľ menovej politiky. Rôzne typy centrálnych bánk. Základný cieľ menovej politiky - stabilita meny. Nástroje menovej politiky. Fungovanie menovej politiky - reštriktívna, expanzívna menová politika.
Guardado en:
| Autor principal: | |
|---|---|
| Formato: | Capítulo de libro |
| Lenguaje: | eslovaco |
| Materias: | |
| Etiquetas: |
Sin Etiquetas, Sea el primero en etiquetar este registro!
|
MARC
| LEADER | 00000naa a2200000 4500 | ||
|---|---|---|---|
| 001 | r014821 | ||
| 005 | 20221213105703.1 | ||
| 041 | 0 | |a slo | |
| 044 | |a SK | ||
| 245 | 1 | 0 | |a Bankovníctvo. 3 |b Činnosť centrálnej banky a menová politika |c Otto Sobek |
| 520 | |a Centrálna banka ako nositeľ menovej politiky. Rôzne typy centrálnych bánk. Základný cieľ menovej politiky - stabilita meny. Nástroje menovej politiky. Fungovanie menovej politiky - reštriktívna, expanzívna menová politika. | ||
| 610 | 2 | 0 | |a bankovníctvo |
| 610 | 2 | 0 | |a banky emisné |
| 610 | 2 | 0 | |a politika menová |
| 610 | 2 | 0 | |a mena |
| 100 | 1 | |a Sobek, Otto | |